000 01131nam a22002537a 4500
001 BD-DhSAU 9509
003 BD-DhSAU
005 20181211124649.0
008 150613b2008 bg a|||| m||| 00| 0 eng d
040 _aBD-DhSAU
082 _222
_a630.715
_bP2789
100 _aPatwari, Abdur Razzak
_eRegistration # 01059
245 _aParticipation of rural youth in income generating activities related to agriculture /
_bMS thesis
_cAbdur Razzak Patwari
260 _aSher-e-Bangla Agricultural University :
_bDepartment of Agricultural Extension & Information System,
_c2008.
300 _ax, 76 p. :
_bill. ;
_c30 cm.
500 _aMS thesis of Department of Agricultural Extension & Information System, Faculty of Agriculture, Sher-e-Bangla Agricultural University, Dhaka, Bangladesh
504 _aIncludes bibliographical reference.
590 _aJerin
650 _aAgricultural Extension & Information System
700 _aHaque, M. Zahidul
_eSuperviser
700 _aAli, Md. Sekender
_eCo-superviser
856 _yOnline access
_uhttp://archive.saulibrary.edu.bd:8080/xmlui/handle/123456789/1712
942 _2ddc
_cTHESIS
999 _c9509
_d9509